Statistics for 50 most subscribed channels in YouTube (2021)

Click here to take the quiz!

General Stats

  • This quiz has been taken 22 times
    (8 since last reset)
  • The average score is 15 of 50

Answer Stats

Subs (in mil)Channel% Correct
109PewDiePie
100%
55Dude Perfect
60%
62Justin Bieber
60%
57MrBeast
60%
178T-Series
60%
39T-Series Bhakti Sagar
60%
715-Minute Crafts
40%
38Alan Walker
40%
39Billie Eilish
40%
63Canal KondZilla
40%
47EminemMusic
40%
42HolaSoyGerman
40%
43JuegaGerman
40%
52Marshmello
40%
100SET India
40%
64Vlad and Niki
40%
75WWE
40%
45Aaj Tak
20%
47Ariana Grande
20%
44Badabun
20%
47BangtanTV
20%
59Blackpink
20%
39Bright Side
20%
46ChuChu TV
20%
108Cocomelon
20%
47Ed Sheeran
20%
41El Reino Infantil
20%
39elrubiusOMG
20%
41Felipe Neto
20%
41Fernanfloo
20%
51Goldmines Telefilmes
20%
53Hybe Labels
20%
40Katy Perry
20%
76Kids Diana Show
20%
72Like Nastya
20%
41LooLoo Kids
20%
51Movieclips
20%
46Pinkfong!
20%
50Shemaroo Filmi Gaane
20%
43Sony Music India
20%
48Sony SAB
20%
42Taylor Swift
20%
37TheEllenShow
20%
40Tips Official
20%
39Voce Sabia?
20%
43Wave Music
20%
42whinderssonnunes
20%
38YRF
20%
70Zee Music Company
20%
57Zee TV
20%

Score Distribution

Percentile by Number Answered

Percent of People with Each Score

Your Score History

You have not taken this quiz since the last reset